000 00310nam a22001337a 4500
008 170824b xxu||||| |||| 00| 0 eng d
020 _a0387970681
041 _aeng
080 _22ND
_a51
100 _a38
101 _aMAT
245 _aELEMENTARY STABILITY AND BIFURCATION THEORY
_cLOOS,G
942 _2udc
_cBK
999 _c24898
_d24898